Discursos presidenciales / Antonio Guzmán Fernández (Registro nro. 907)

Detalles MARC
000 -LEADER
fixed length control field 00508nam a22001931a 4500
001 - CONTROL NUMBER
control field 907
003 - CONTROL NUMBER IDENTIFIER
control field OSt
005 - DATE AND TIME OF LATEST TRANSACTION
control field 20260204211714.0
008 - FIXED-LENGTH DATA ELEMENTS--GENERAL INFORMATION
fixed length control field 040115s1982||||dr ||||||b||||||||||spa||
050 ## - LIBRARY OF CONGRESS CALL NUMBER
Classification number RD 865.44 G97d
082 ## - DEWEY DECIMAL CLASSIFICATION NUMBER
Classification number RD 808.51 G97d
100 ## - ASIENTO PRINCIPAL -- NOMBRE PERSONAL
Personal name Guzmán Fernández, Antonio
245 ## - TÍTULO PROPIAMENTE DICHO: SUBTÍTULO
Title Discursos presidenciales / Antonio Guzmán Fernández
264 ## - PRODUCTION, PUBLICATION, DISTRIBUTION, MANUFACTURE, AND COPYRIGHT NOTICE
Place of production, publication, distribution, manufacture Santo Domingo : ONAP
300 ## - PHYSICAL DESCRIPTION
Extensión 2- Tomos
500 ## - GENERAL NOTE
General note
650 ## - ASIENTO SECUNDARIO DE MATERIA -- TERMINO TEMÁTICO
Termino Temático Como Elemento de Entrada Discurso Politico 2.Discursos PresidencialesÌ
942 ## - ADDED ENTRY ELEMENTS (KOHA)
Source of classification or shelving scheme Dewey Decimal Classification
Koha item type Libros
Existencias
Withdrawn status Lost status Source of classification or shelving scheme Damaged status Not for loan Current library Date acquired Total Checkouts Full call number Barcode Date last seen Price effective from Koha item type
    Dewey Decimal Classification     Biblioteca UTECO 09/09/2019   RD 865.44 G97D 003772 09/09/2019 09/09/2019 Libros
    Dewey Decimal Classification     Biblioteca UTECO 09/09/2019   RD 865.44 G97D 003773 09/09/2019 09/09/2019 Libros
    Dewey Decimal Classification     Biblioteca UTECO 09/09/2019   RD 865.44 G97D 003774 09/09/2019 09/09/2019 Libros
© 2021 Derechos Reservados UTECO - Teléfono: +1 809-585-2291 - Correo electrónico: biblioteca@uteco.edu.do​  
Código postal 43000 ​​
Dirección: Avenida Universitaria No. 100, 
Cotuí, Provincia Sánchez Ramírez, República Dominicana - RNC: 404-00059-6